|
|
|
|
| LEADER |
00000nam2a2200000 4500 |
| 001 |
304149 |
| 005 |
20231102001655.0 |
| 035 |
|
|
|a (RuTPU)RU\TPU\book\329384
|
| 090 |
|
|
|a 304149
|
| 100 |
|
|
|a 20150910d1982 km y0rusy50 ca
|
| 101 |
0 |
|
|a rus
|
| 102 |
|
|
|a RU
|
| 105 |
|
|
|a a z 001zy
|
| 200 |
0 |
|
|a Вып. 10
|f под ред. З. Г. Каганова
|
| 210 |
|
|
|d 1982
|
| 215 |
|
|
|a 182 с.
|c ил.
|
| 320 |
|
|
|a Библиогр. в конце ст.
|
| 461 |
|
1 |
|0 (RuTPU)RU\TPU\book\293576
|t Сложные электромагнитные поля и электрические цепи
|o межвузовский научный сборник
|f Уфимский авиационный институт им. Орджоникидзе
|v Вып. 10
|d 1974-1985
|
| 606 |
1 |
|
|a Электрическое поле
|2 stltpush
|3 (RuTPU)RU\TPU\subj\60402
|9 77728
|
| 606 |
1 |
|
|a Электрические цепи
|2 stltpush
|3 (RuTPU)RU\TPU\subj\27742
|9 51444
|
| 610 |
1 |
|
|a электротехника
|
| 610 |
1 |
|
|a сложные цепи
|
| 610 |
1 |
|
|a применение
|
| 610 |
1 |
|
|a расчеты
|
| 610 |
1 |
|
|a мощность
|
| 610 |
1 |
|
|a плоские конденсаторы
|
| 610 |
1 |
|
|a граничные условия
|
| 610 |
1 |
|
|a индуктивность
|
| 610 |
1 |
|
|a рассеяние
|
| 610 |
1 |
|
|a магнитные поля
|
| 610 |
1 |
|
|a вихревые токи
|
| 675 |
|
|
|a 621.3.013
|v 4
|
| 675 |
|
|
|a 621.3.011.7
|v 4
|
| 702 |
|
1 |
|a Каганов
|b З. Г.
|4 340
|
| 801 |
|
1 |
|a RU
|b 63413507
|c 20150910
|
| 801 |
|
2 |
|a RU
|b 63413507
|c 20190506
|g RCR
|
| 942 |
|
|
|c BK
|